000 00574nam a2200217Ia 4500
003 OSt
005 20220923230857.0
006 a|||||r|||| 00| 0
007 ta
008 Pun
024 _a306,240
037 _cTextual
040 _aARTS
_cARTS
_bPun
041 _2Pun
_aPun
082 _aO153,6NSE,1, L9
100 _aਸੇਖਾ, ਨਿਰੰਜਨ Fਰਮਾ
_9169222
245 0 _aਕੱਚ ਦੇ ਟੁਕੜੇ
260 _c1979
942 _hO153,6NSE,1, L9
_cTEXL
_2CC
999 _c388027
_d388027